000 00333nam a2200133Ia 4500
005 20260326235443.0
008 260326s9999||||xx |||||||||||||| ||und||
100 _aPrinz, Dieter
245 0 _aPlanificación y configuración Urbana /
_cDieter Prinz
260 _bGustavo Gili
300 _a368 p.
650 _aURBANISMO
942 _cBK
999 _c7469
_d7469